=LDR 00000nam 2200000 4500 =001 INLIS000000000000345 =005 20150310091034.0 =006 =007 =008 Ind =035 ##$$0010-061300000000345 =041 ##$$a Ind =082 ##$$a 910.7 =090 ##$$a 910.7 Ilm =245 ##$$a IPS Geografi untuk SLTP berdasarkan kurikulum Pendidikan Dasar 1995 GBPP SLTP =260 ##$$a Solo $b Tiga Serangkai $c 1995 =300 ##$$a ...jild. : ilus. ; 30 cm =650 ##$$a Geografi =650 ##$$a Studi dan pengajaran =850 ##$$a NBPNMAT